| 000 | 01047nam a2200349 a 4500 | ||
|---|---|---|---|
| 001 | 22348 | ||
| 003 | VRT | ||
| 005 | 20260326145157.0 | ||
| 008 | 090603s2008 xo a d 000 jdslo d | ||
| 020 | _a978809696636 (viaz.) | ||
| 035 | _a(VRT)vtls009488654 | ||
| 039 | 9 |
_a200907290938 _bmuro _c200907201412 _dpechova _c200906031004 _dedita |
|
| 040 |
_aGAGK _bslo _cUKB _eAACR2 |
||
| 041 | 0 | _aslo | |
| 044 |
_axo _cSK |
||
| 072 | 7 |
_a821.162.4 _xSlovenská literatúra _2konspekt |
|
| 080 |
_a821.162.4-32 _22004 |
||
| 080 |
_a(0:82-32) _22004 |
||
| 100 | 1 |
_aBenčík, Emil, _d1933- |
|
| 245 | 1 | 0 |
_aRebrík do neba _bzbožné a bezbožné poviedky a povedačky _cEmil Benčík |
| 260 |
_aBratislava _bEmil Benčík _c2008 |
||
| 300 |
_a320 s. _bil. |
||
| 653 | _a821.162.4-32 | ||
| 653 | _a(0:82-32) | ||
| 655 | 7 |
_aslovenské poviedky _2UKBPH |
|
| 910 | _agagk | ||
| 910 | _atotk | ||
| 910 | _aukb | ||
| 942 |
_2ddc _cKLDO _n0 |
||
| 949 |
_61800421842 _aSL.D.72015 _bPV.5323-2009 |
||
| 949 |
_61800421843 _aSK.D.40593 _bPV.5324-2009 _s6707:20090819 |
||
| 999 |
_c22348 _d22348 |
||